Raja Todar Mal / (Record no. 25074)
[ view plain ]
| 000 -LEADER | |
|---|---|
| fixed length control field | 00805nam a22002652a 4500 |
| 001 - CONTROL NUMBER | |
| control field | 25074 |
| 003 - CONTROL NUMBER IDENTIFIER | |
| rucl marc code | BD-RjUL |
| 005 - DATE AND TIME OF LATEST TRANSACTION | |
| control field | 20211209050827.0 |
| 008 - FIXED-LENGTH DATA ELEMENTS--GENERAL INFORMATION | |
| fixed length control field | 140316s1979 ii af b 001 0beng d |
| 035 ## - SYSTEM CONTROL NUMBER | |
| System control number | OCLC ocm10065414 from D950731M |
| -- | (BD-RjUL)25143 |
| 040 ## - CATALOGING SOURCE | |
| Original cataloging agency | EEM |
| Transcribing agency | EEM |
| Modifying agency | BD-RjUL |
| Language of cataloging | eng |
| 041 ## - LANGUAGE CODE | |
| Language code of text/sound track or separate title | eng |
| 082 ## - DEWEY DECIMAL CLASSIFICATION NUMBER | |
| Classification number | 891.4434 |
| Author mark and year | DAR 1979 |
| 090 ## - LOCALLY ASSIGNED LC-TYPE CALL NUMBER (OCLC); LOCAL CALL NUMBER (OCLC) | |
| Classification number (OCLC) (R) ; Classification number, CALL (RLIN) (NR) | DS461.9.T6 |
| Local cutter number (OCLC) ; Book number/undivided call number, CALL (RLIN) | D3 1979 |
| 100 1# - MAIN ENTRY--PERSONAL NAME | |
| Personal name | Das, Kumudranjan, |
| Dates associated with a name | 1931- |
| 9 (RLIN) | 77133 |
| 245 10 - TITLE STATEMENT | |
| Title | Raja Todar Mal / |
| Statement of responsibility, etc. | Kumudranjan Das |
| 250 ## - EDITION STATEMENT | |
| Edition statement | 1st ed |
| 260 ## - PUBLICATION, DISTRIBUTION, ETC. (IMPRINT) | |
| Place of publication, distribution, etc. | Calcutta : |
| Name of publisher, distributor, etc. | Saraswat Library, |
| Date of publication, distribution, etc. | 1979. |
| 300 ## - PHYSICAL DESCRIPTION | |
| Pagination | xii, 325 p., [6] leaves of plates : |
| Illustrations | ill. ; |
| Size | 23 cm |
| 500 ## - GENERAL NOTE | |
| General note | Includes index. |
| 504 ## - BIBLIOGRAPHY, ETC. NOTE | |
| Bibliography, etc | Bibliography: p. [296] -316 |
| 600 00 - SUBJECT ADDED ENTRY--PERSONAL NAME | |
| Personal name | Ṭoḍaramalla, |
| Dates associated with a name | -1589. |
| 650 ## - SUBJECT ADDED ENTRY--TOPICAL TERM | |
| Topical term or geographic name as entry element | Ṭoḍaramalla, -1589 |
| 9 (RLIN) | 77135 |
| 942 ## - ADDED ENTRY ELEMENTS (KOHA) | |
| Source of classification or shelving scheme | Dewey Decimal Classification |
| Koha item type | Books |
| Lost status | Source of classification or shelving scheme | Damaged status | Not for loan | Collection code | Permanent Location | Current Location | Shelving location | Date acquired | Source of acquisition | Cost, normal purchase price | Total Checkouts | Full call number | Date last seen | Copy number | Koha item type |
|---|---|---|---|---|---|---|---|---|---|---|---|---|---|---|---|
| Dewey Decimal Classification | Non-fiction | Central Library, University of Rajshahi | Central Library, University of Rajshahi | 05/03/1998 | Aligarh Library Dhaka | 80.00 | 891.4434 DAR 1979 | 16/03/2014 | C-5 | Books | |||||
| Dewey Decimal Classification | Non-fiction | Central Library, University of Rajshahi | Central Library, University of Rajshahi | 05/03/1998 | Aligarh Library Dhaka | 80.00 | 891.4434 DAR 1979 | 16/03/2014 | C-4 | Books | |||||
| Dewey Decimal Classification | Non-fiction | Central Library, University of Rajshahi | Central Library, University of Rajshahi | 05/03/1998 | Aligarh Library Dhaka | 80.00 | 891.4434 DAR 1979 | 16/03/2014 | C-1 | Books | |||||
| Dewey Decimal Classification | Non-fiction | Central Library, University of Rajshahi | Central Library, University of Rajshahi | Reading Room | 27/07/1996 | Ankur prokashoni | 80.00 | 891.4434 DAR 1979 | 18/03/2014 | C-2 | Books | ||||
| Dewey Decimal Classification | Non-fiction | Central Library, University of Rajshahi | Central Library, University of Rajshahi | 05/03/1998 | Aligarh Library Dhaka | 80.00 | 891.4434 DAR 1979 | 18/03/2014 | C-3 | Books | |||||
| Dewey Decimal Classification | Added to bundle | Non-fiction | Central Library, University of Rajshahi | Central Library, University of Rajshahi | Reading Room | 05/03/1998 | Dhaka Aligarh Library | 80.00 | 891.4434 DAR 1979 | 19/03/2014 | C-1 | Books |